Vista normal Vista MARC

Entrada Materia (corporativa)

Número de registros utilizados en: 1

001 - CONTROL NUMBER

  • control field: 169747

003 - CONTROL NUMBER IDENTIFIER

  • control field: Co-BoUCM

005 - DATE AND TIME OF LATEST TRANSACTION

  • control field: 20211112080557.0

008 - FIXED-LENGTH DATA ELEMENTS

  • fixed length control field: 211112|| aca||aabn | a|a d

040 ## - CATALOGING SOURCE

  • Original cataloging agency: Co-BoUCM
  • Transcribing agency: Co-BoUCM

110 ## - HEADING--CORPORATE NAME

  • Corporate name or jurisdiction name as entry element: Université de Potiers.
  • Subordinate unit: Centre de Recherches Latinoamericaines

670 ## - SOURCE DATA FOUND

  • Source citation: Work cat.: (Co-BoUCM)77538: Coloquio Internacional Escritura y Sexualidad en la Literatura Hispanoamericana (1987 Poitiers) 169746, Escritura y sexualidad en la literatura hispanoamericana, 1990